Discovering computers 2010 : (Record no. 3606)
[ view plain ]
| 000 -LEADER | |
|---|---|
| fixed length control field | 01664cam a22004097a 4500 |
| 001 - CONTROL NUMBER | |
| control field | 16781336 |
| 003 - CONTROL NUMBER IDENTIFIER | |
| control field | Nust |
| 005 - DATE AND TIME OF LATEST TRANSACTION | |
| control field | 20180117090010.0 |
| 008 - FIXED-LENGTH DATA ELEMENTS--GENERAL INFORMATION | |
| fixed length control field | 110516s2010 maua a 001 0 eng |
| 010 ## - LIBRARY OF CONGRESS CONTROL NUMBER | |
| LC control number | 2011377222 |
| 020 ## - INTERNATIONAL STANDARD BOOK NUMBER | |
| International Standard Book Number | 9780324786453 (pbk.) |
| 020 ## - INTERNATIONAL STANDARD BOOK NUMBER | |
| International Standard Book Number | 032478645X (pbk;) |
| 035 ## - SYSTEM CONTROL NUMBER | |
| System control number | (OCoLC)ocn401337953 |
| 040 ## - CATALOGING SOURCE | |
| Original cataloging agency | NUI |
| Transcribing agency | NUI |
| Modifying agency | NUI |
| -- | BTCTA |
| -- | YDXCP |
| -- | UV0 |
| -- | DLC |
| 042 ## - AUTHENTICATION CODE | |
| Authentication code | lccopycat |
| 050 00 - LIBRARY OF CONGRESS CALL NUMBER | |
| Classification number | QA76.5 |
| Item number | .S4577 2010 |
| 082 00 - DEWEY DECIMAL CLASSIFICATION NUMBER | |
| Classification number | 004 |
| Edition number | 23 |
| 100 1# - MAIN ENTRY--PERSONAL NAME | |
| Personal name | Shelly, Gary B. |
| 245 10 - TITLE STATEMENT | |
| Title | Discovering computers 2010 : |
| Remainder of title | living in a digital world : complete / |
| Statement of responsibility, etc. | Gary B. Shelly, Misty E. Vermaat ; contributing authors Jeffrey J. Quasney, Susan L. Sebok, Steven M. Freund. |
| 260 ## - PUBLICATION, DISTRIBUTION, ETC. | |
| Place of publication, distribution, etc. | Boston, MA : |
| Name of publisher, distributor, etc. | Course Technology, Cengage Learning, |
| Date of publication, distribution, etc. | c2010. |
| 300 ## - PHYSICAL DESCRIPTION | |
| Extent | 1 v. (various pagings) : |
| Other physical details | ill. (chiefly col.) ; |
| Dimensions | 28 cm. |
| 490 1# - SERIES STATEMENT | |
| Series statement | Shelly Cashman series |
| 504 ## - BIBLIOGRAPHY, ETC. NOTE | |
| Bibliography, etc. note | Includes index. |
| 650 #0 - SUBJECT ADDED ENTRY--TOPICAL TERM | |
| Topical term or geographic name entry element | Computers. |
| 650 #0 - SUBJECT ADDED ENTRY--TOPICAL TERM | |
| Topical term or geographic name entry element | Computer science. |
| 650 #0 - SUBJECT ADDED ENTRY--TOPICAL TERM | |
| Topical term or geographic name entry element | Computer networks. |
| 700 1# - ADDED ENTRY--PERSONAL NAME | |
| Personal name | Vermaat, Misty. |
| 700 1# - ADDED ENTRY--PERSONAL NAME | |
| Personal name | Quasney, Jeffrey J. |
| 700 1# - ADDED ENTRY--PERSONAL NAME | |
| Personal name | Sebok, Susan L. |
| 700 1# - ADDED ENTRY--PERSONAL NAME | |
| Personal name | Freund, Steven M. |
| 800 1# - SERIES ADDED ENTRY--PERSONAL NAME | |
| Personal name | Shelly, Gary B. |
| Title of a work | Shelly Cashman series. |
| 906 ## - LOCAL DATA ELEMENT F, LDF (RLIN) | |
| a | 7 |
| b | cbc |
| c | copycat |
| d | 2 |
| e | ncip |
| f | 20 |
| g | y-gencatlg |
| 942 ## - ADDED ENTRY ELEMENTS (KOHA) | |
| Source of classification or shelving scheme | |
| Koha item type | Book |
| Withdrawn status | Lost status | Source of classification or shelving scheme | Damaged status | Not for loan | Collection code | Permanent Location | Current Location | Shelving location | Date acquired | Total Checkouts | Total Renewals | Full call number | Barcode | Date last seen | Date last checked out | Price effective from | Koha item type |
|---|---|---|---|---|---|---|---|---|---|---|---|---|---|---|---|---|---|
| Central Library (CL) | Central Library (CL) | First Floor - Computer Science | 03/06/2017 | 5 | 1 | 004 SHE | S3H-D-183 | 02/14/2026 | 12/01/2025 | 03/06/2017 | Book | ||||||
| NUST Law School (NLS) | NUST Law School (NLS) | First Floor - Computer Science | 11/21/2016 | 2 | 1 | 004 SHE | S3H-D-195 | 11/20/2023 | 11/20/2023 | 11/21/2016 | Book |
